| 000 | 00398nam a2200157Ia 4500 | ||
|---|---|---|---|
| 008 | 231221s9999 xx 000 0 und d | ||
| 020 | _a81-7445-299-0 | ||
| 041 | _aEnglish | ||
| 082 | _a641.303 PAT;1 R | ||
| 100 | _aPathak comp and ed | ||
| 245 | 0 | _aDictionary of food and nutrition | |
| 260 |
_c2005 _bMohit _aDelhi |
||
| 300 | _a360 | ||
| 650 | _aDictionary,food,nutrition | ||
| 942 | _cHM | ||
| 999 |
_c208108 _d208108 |
||